ბათუმის შოთა რუსთაველის სახელმწიფო უნივერსიტეტის ბიბლიოთეკა

როგორ იქმნება კანონი = Legislative Drafting / (ბიბ.ჩანაწერი № 59462)

000 -ლიდერი
ფიქსირებული სიგრძის საკონტროლო ველი 01406nam a22002417a 4500
003 - საკონტროლო ნომრის იდენტიფიკატორი
საკონტროლო ველი Ge_BSU
005 - ბოლო ოპერაციის თარიღი და დრო
საკონტროლო ველი 20230224120022.0
008 - ფიქსირებული სიგრძის მონაცემთა ელემენტები - ზოგადი ინფორმაცია
ფიქსირებული სიგრძის საკონტროლო ველი 230224s2000 ge ||||| |||| 00| 0 geo d
020 ## - წიგნის საერთაშორისო სტანდარტული ნომერი
International Standard Book Number 9992870184
041 ## - ენის კოდი
Language code of text/sound track or separate title geo
080 ## - უნივერსალური ათობითი კლასიფიკაციის ინდექსი
Universal Decimal Classification number 340.130.53 : 342.537 რ-72
245 ## - ცნობა სათაურის შესახებ
Title როგორ იქმნება კანონი = Legislative Drafting /
Statement of responsibility, etc პაატა ცნობილაძე, გიორგი ხუბუა, ვახტანგ ხმალაძე [და სხვ.] ; რედაქტორები: ირაკლი ჩიქოვანი, ოთარ კაპანაძე ; მხატვარი ვახტანგ რურუა.
264 ## - წარმოების, გამოცემის, დისტრიბუციის და სხვა ცნობები
გამოცემის, წარმოების, დისტრიბუციის... ადგილი თბილისი :
გამოცემის, წარმოების, დისტრიბუციის... სახელწოდება აზრი,
გამოცემის, წარმოების, დისტრიბუციის... თარიღი 2000.
300 ## - ფიზიკური აღწერა
Extent 416 გვ. ;
Other physical details 20 სმ.
504 ## - BIBLIOGRAPHY, ETC. NOTE
Bibliography, etc ბიბლიოგრაფია: გვ. 403-411.
653 ## - INDEX TERM--UNCONTROLLED
Uncontrolled term კანონშემოქმედება
700 ## - ADDED ENTRY--PERSONAL NAME
Personal name ცნობილაძე, პაატა
Relator term ავტორი
9 (RLIN) 8149
700 ## - ADDED ENTRY--PERSONAL NAME
Personal name ხუბუა, გიორგი
Relator term ავტორი
9 (RLIN) 17025
700 ## - ADDED ENTRY--PERSONAL NAME
Personal name ხმალაძე, ვახტანგ და სხვ.
Relator term ავტორი
9 (RLIN) 17026
700 ## - ADDED ENTRY--PERSONAL NAME
Personal name ჩიქოვანი, ირაკლი
Relator term რედაქტორი
9 (RLIN) 17027
700 ## - ADDED ENTRY--PERSONAL NAME
Personal name კაპანაძე, ოთარ
Relator term რედაქტორი
9 (RLIN) 17028
942 ## - ADDED ENTRY ELEMENTS (KOHA)
Source of classification or shelving scheme
Koha item type წიგნი
ეგზემპლარები
ჩამოწერის სტატუსი დაკარგული ეგზემპლარის სტატუსი კლასიფიკაციის წყარო ან თაროზე გაწყობის სქემა დაზიანების სტატუსი არ გაიცემა მუდმივი მდებარეობა (დაცვის ადგილი) ამჟამინდელი ადგილსამყოფელი თაროზე განთავსების ადგილი შეძენის თარიღი ღირებულება, შესყიდვის ნორმალური ფასი სრული შენახვის შიფრი შტრიხკოდი ბოლო ოპერაციის თარიღი ეგზემპლარის მიმდევრობითი ნომერი (კეტერი?) ფასის ძალაში შესვლის თარიღი ეგზემპლარის სახეობა საჯარო შენიშვნა
          ბათუმის შოთა რუსთაველის სახელმწიფო უნივერსიტეტის მთავარი ბიბლიოთეკა ბათუმის შოთა რუსთაველის სახელმწიფო უნივერსიტეტის მთავარი ბიბლიოთეკა წიგნსაცავი 2023-02-24 7.00 340.130.53 : 342.537 რ-72 63891 2023-02-24 63891 2023-02-24 წიგნი 7 ლ.
          ბათუმის შოთა რუსთაველის სახელმწიფო უნივერსიტეტის მთავარი ბიბლიოთეკა ბათუმის შოთა რუსთაველის სახელმწიფო უნივერსიტეტის მთავარი ბიბლიოთეკა წიგნსაცავი 2023-02-24 7.00 340.130.53 : 342.537 რ-72 63892 2023-02-24 63892 2023-02-24 წიგნი 7 ლ.
          ბათუმის შოთა რუსთაველის სახელმწიფო უნივერსიტეტის მთავარი ბიბლიოთეკა ბათუმის შოთა რუსთაველის სახელმწიფო უნივერსიტეტის მთავარი ბიბლიოთეკა წიგნსაცავი 2023-02-24 7.00 340.130.53 : 342.537 რ-72 63893 2023-02-24 63893 2023-02-24 წიგნი 7 ლ.